| 000 | 00658cam a2200205 a 4500 | ||
|---|---|---|---|
| 001 | 3752262 | ||
| 005 | 20250317154327.0 | ||
| 008 | 820520s1982 nyu b 001 0 eng | ||
| 020 |
_a0060150424 : _c$19.95 |
||
| 050 | 0 | 0 |
_aHD70.U5 _bP424 1982 |
| 082 | 0 | 0 |
_a658/.00973 _219 |
| 100 | 1 | _aPeters, Thomas J. | |
| 245 | 1 | 0 |
_aIn search of excellence : _blessons from America's best-run companies / _cby Thomas J. Peters and Robert H. Waterman, Jr. |
| 250 | _a1st ed. | ||
| 260 |
_aNew York : _bHarper & Row, _cc1982. |
||
| 300 |
_axxvi, 360 p. ; _c22 cm. |
||
| 650 | 0 |
_aIndustrial management _zUnited States. |
|
| 700 | 1 | _aWaterman, Robert H. | |
| 942 |
_2lcc _cBK _n0 |
||
| 999 |
_c4877 _d4877 |
||